[Event "Palafrugell Gelpi Memorial 28th"]
[Site "Palafrugell"]
[Date "2015.??.??"]
[Round "3"]
[White "Plaja Janoher, Joan"]
[Black "Vidal Masferrer, Maria"]
[Result "0-1"]
[WhiteElo "1677"]
[BlackElo "1791"]
[PlyCount "87"]
[EventDate "2015.09.26"]
[EventType "swiss"]
[EventRounds "9"]
[EventCountry "ESP"]
[SourceTitle "EXT 2017"]
[Source "ChessBase"]
[SourceDate "2016.10.25"]
[SourceVersion "1"]
[SourceVersionDate "2016.10.25"]
[SourceQuality "1"]

1. e4 e5 2. Nf3 Nc6 3. d4 d6 4. Nc3 Bg4 5. Be3 Nf6 6. Be2 Be7 7. h3 Nxd4 8. hxg4 Nxe2 9. Qxe2 Nxg4 10. Bd2 0-0 11. 0-0-0 c6 12. Rh3 Qb6 13. Rdh1 Qxf2 14. Qxf2 Nxf2 15. Rxh7 Nxh1 16. Rxh1 f5 17. exf5 Rxf5 18. Ne4 d5 19. Ng3 Rff8 20. Re1 e4 21. Ne5 Bh4 22. Ng6 Bxg3 23. Rh1 Rfd8 24. Ne7+ Kf7 25. Nf5 Be5 26. Rf1 Ke6 27. Bc3 Bxc3 28. bxc3 Rf8 29. Nxg7+ Kd7 30. Rh1 Rf7 31. Nh5 Rh8 32. g4 Kd6 33. c4 Re7 34. cxd5 cxd5 35. Rf1 e3 36. Re1 Re4 37. Ng3 Rxg4 38. Nf5+ Ke5 39. Nxe3 Re4 40. Ng4+ Kf5 41. Ne3+ Ke6 42. Kd2 d4 43. Kd3 Rxe3+ 44. Rxe3+ 0-1